000
00303nam a22001217a 4500
008
180519b xxu||||| |||| 00| 0 eng d
041
_a
eng
080
_a
043.3
100
_a
0
101
_a
SHKI-MA
245
_a
Kualiteti i Sherbimeve ne Sistemin E-Cabinet ne E-Qeverisje
_c
Zeka, H.T
942
_2
udc
_c
BK
999
_c
46053
_d
46053